Las plagas de la agricultura : manual práctico de procedimientos modernos para combatirlas /

Guardado en:
Autor Principal: Chiesa Molinari, O.
Formato: Libro
Publicado: Buenos Aires : El Ateneo, 1948
Materias:
Etiquetas: Agregar Etiqueta
Sin Etiquetas, Sea el primero en etiquetar este registro!
LEADER 00590nam a22001815a 4500
001 CEM.cems001631
008 130507s1948##################000#0#####d
005 20240410090715.0
245 1 0 |a Las plagas de la agricultura :  |b manual práctico de procedimientos modernos para combatirlas /  |c O. Chiesa Molinari 
260 |a Buenos Aires :  |b El Ateneo,  |c 1948 
300 |a 509 p. 
100 1 |a Chiesa Molinari, O. 
082 0 4 |a 632 
653 |a Agricultura 
653 |a Cultivos-plagas 
653 |a Insecticidas 
653 |a Plagas agricolas 
859 |a CEMS  |b BIB. CEMS - Agricultura  |h 632  |i C434  |p A6104.77  |t Ej.1